000 00473nam a22001817a 4500
003 NUST - PNEC
005 20170116180823.0
008 150625b xxu||||| |||| 00| 0 eng d
020 _a9788173198823
040 _cLIBRARY
082 _a511.8 NAD
100 _94212
_aNadarajan
245 _aMathematical and computational models
_c R. Nadarajan
260 _aNew Delhi
_bNarosa Pub House
_cc2008.
300 _a541 p. :
650 _94213
_aMath
_xME
942 _2ddc
_cBK
999 _c63795
_d63795